| 000 | 00576nam a22001937a 4500 | ||
|---|---|---|---|
| 005 | 20251108174545.0 | ||
| 008 | 250721s9999 xx 000 0 ara d | ||
| 082 | 1 | 4 | _a616.075/بال |
| 100 | 1 | _aبالجا، ر.ر | |
| 245 | 1 | 0 | _a250 حالة في الطب السريري / |
| 264 | 1 |
_aدمشق : _bدار المنجد، |
|
| 300 | _a651مص | ||
| 650 | 1 | 7 | _aالطب السريري |
| 650 | 1 | 7 | _aتشخيص الامراض |
| 700 | 1 |
_aالبوشي، محمد بشار _eمترجم |
|
| 700 | 1 |
_aدقة، محمد _eمترجم |
|
| 942 |
_2ddc _cBK |
||
| 999 |
_c112213 _d112213 |
||